| 000 | 00620nam a22001697a 4500 | ||
|---|---|---|---|
| 020 | _qHard Cover. | ||
| 082 | _a004 | ||
| 100 | _aAshar Waseem, Fahad Siddique, Jahanzeb Iqbal and Usman Ashraf | ||
| 245 |
_aNational Income / _cWaseem, Ashar, Fahad Siddique, Jahanzeb Iqbal and Usman Ashraf |
||
| 260 |
_aIslamabad : _bSEECS - NUST, |
||
| 300 |
_aVar. p. : ill. ; _c30cm. |
||
| 650 | _aInformation Technology-Project Report | ||
| 700 |
_aSir Maqsood ul Hassan. _934445 |
||
| 856 | _uhttp://10.250.8.41:8080/xmlui/handle/123456789/29111 | ||
| 942 |
_2ddc _cTHE |
||
| 999 |
_c540426 _d540426 |
||